000 00711nam a2200217 u 4500
005 20240228063913.0
008 080303s2004 mx r 000 0 spa d
020 _a0756604184
035 _aUPN01000154678
049 _aI
050 4 _aQL617.2
_bP3.6
100 1 _aParker, Steve,
_d1952-
_928596
245 1 0 _aPeces :
_bdescubre el asombroso mundo de los peces : su evolución, cómo viven y sus extraños y maravillosos hábitos /
_cSteve Parker.
260 _aMéxico :
_bAlquimia,
_c2004.
300 _a64 p. :
_bprincipalmente il. col.
440 0 _aGuías visuales
534 _pTítulo original:
_tFish
650 4 _aPECES
_97164
650 4 _aLibros y lectura para niños
_92290
905 _aInfantil
999 _c126795
_d126795